| 000 | 01357cam a2200313 i 4500 | ||
|---|---|---|---|
| 005 | 20191224041729.0 | ||
| 008 | 040521s2001 ck a r 00010 spa d | ||
| 015 | _ack-2001-xxxx | ||
| 020 | _a958698074X | ||
| 040 |
_ala _cla _dCO-BoIAVH |
||
| 041 | 0 | _aspa | |
| 082 | 0 | 4 |
_a633.39 _bR78g |
| 100 | 1 | _aRÍos Katto, Clara Inés. | |
| 245 | 1 | 0 |
_aGuía para el cultivo y aprovechamiento del nacedero, naranjillo o cajeto : _btrichanthera gigantea (Humboldt & Bonpland) Nees / _cClara Inés Ríos Katto ; edición Henry Yesid Bernal y Claudia Vallejo Londoño ; ilustraciones Laura V. Ruano Cáceres. |
| 260 |
_aBogotá : _bConvenio Andrés Bello, _c2002. |
||
| 300 |
_a52 páginas : _bilustraciones. ; _c27 cm. |
||
| 490 | 0 | 0 |
_aSerie ciencia y tecnología ; _v97 |
| 504 | _aIncluye referencias bibliográficas (p. 33-38) e índice. | ||
| 650 | 1 | 6 |
_aÁrboles- _xCultivos y medios de cultivo |
| 650 | 2 | 6 |
_aNacedero _x Cultivo. |
| 650 | 2 | 6 | _aConservación de suelos. |
| 650 | 2 | 6 | _aCultivos de cobertura. |
| 650 | 2 | 6 |
_aNacedero _x Cosecha. |
| 650 | 2 | 6 | _aConservación de los recursos naturales |
| 700 | 1 |
_aBernal, Henry Yesid, _eeditor. |
|
| 700 | 1 |
_aRuano Cáceres, Laura Víctoria, _eilustradora. |
|
| 700 | 1 |
_aVallejo Londoño, Claudia, _eeditora. |
|
| 942 |
_2ddc _cLIBRO _01 |
||
| 999 |
_c4219 _d4219 |
||